000 00578nam a2200145 i 4500
001 bg
245 0 _aFiziko-chimiceskaja mechanika i liofil'nost' dispersnych sistem :
_brespublikanskij meżvedomstvennyj sbornik naucnych trudov /
_cAkademija Nauk Ukrainskoj SSR. Otdelenie Prirodnych Dispersnych Sistem Instytuta Kolloidnoj Chimii i Chimii Vody im. A. V. Dumanskogo.
260 _aKiev :
_b"Naukova Dumka",
_c1988.
300 _a100, [1] s. :
_brys. ;
_c26 cm.
040 _cBPK
041 _apol
080 _a541.18
942 _cKS
008 s pl f |000 0 pol
999 _c28599
_d28599